Financovanie sociálnych služieb v kontexte dlhodobej starostlivosti

Financovanie dlhodobej sociálnej starostlivosti starších ľudí na Slovensku. Návrh na komplexné sociálne poistenie dlhodobej starostlivosti na Slovensku na základe príkladu poistenia dlhodobej starostlivosti v Nemecku.

Uložené v:
Podrobná bibliografia
Hlavný autor: Korimová, Gabriela
Ďalší autori: Kmeťová, Eva
Médium: Kapitola
Jazyk:Slovak
Predmet:
Tagy: Pridať tag
Žiadne tagy, Buďte prvý, kto otaguje tento záznam!

MARC

LEADER 00000nla a2200000 4500
001 0160849
005 20250514140331.0
041 0 |a slo 
044 |a SK 
245 1 0 |a Financovanie sociálnych služieb v kontexte dlhodobej starostlivosti  |c Gabriela Korimová, Eva Kmeťová 
520 |a Financovanie dlhodobej sociálnej starostlivosti starších ľudí na Slovensku. Návrh na komplexné sociálne poistenie dlhodobej starostlivosti na Slovensku na základe príkladu poistenia dlhodobej starostlivosti v Nemecku. 
610 2 0 |a starostlivosť sociálna 
610 2 0 |a zariadenia starostlivosti sociálnej 
610 2 0 |a služby sociálne 
610 2 0 |a poistenie sociálne 
610 2 0 |a zabezpečenie sociálne 
610 2 0 |a financovanie 
610 2 0 |a inklúzia 
100 1 |a Korimová, Gabriela 
700 1 |a Kmeťová, Eva